[Event "CHN-chT"]
[Site "Qingdao"]
[Date "2024.04.07"]
[Round "6.1"]
[White "Xu, Yinglun"]
[Black "Wang, Yiye"]
[Result "1/2-1/2"]
[WhiteElo "2515"]
[BlackElo "2432"]
[PlyCount "61"]
[EventDate "2024.04.02"]
[EventType "team-swiss"]
[EventRounds "9"]
[EventCountry "CHN"]
[SourceTitle "CB16_2024"]
[SourceDate "2024.04.17"]
[SourceVersion "1"]
[SourceVersionDate "2024.04.17"]
[SourceQuality "1"]
[WhiteTeam "Guangdong"]
[BlackTeam "Heilongjiang"]
[WhiteTeamCountry "CHN"]
[BlackTeamCountry "CHN"]

1. d4 Nf6 2. c4 e6 3. Nf3 d5 4. Nc3 a6 5. c5 b6 6. cxb6 cxb6 7. Bf4 Bd6 8. Bxd6 Qxd6 9. e3 0-0 10. Bd3 Nc6 11. 0-0 Bd7 12. Rc1 Rfc8 13. e4 dxe4 14. Nxe4 Nxe4 15. Bxe4 Rab8 16. Ng5 h6 17. d5 Nd8 18. Rxc8 Rxc8 19. dxe6 Qxd1 20. Rxd1 Bxe6 21. Nxe6 Nxe6 22. g3 Kf8 23. Bf5 Rc5 24. Bxe6 fxe6 25. Rd8+ Ke7 26. Ra8 Rc2 27. Rxa6 Rxb2 28. a4 g5 29. a5 bxa5 30. Rxa5 Kf6 31. Kg2 1/2-1/2

[Event "CHN-chT"]
[Site "Qingdao"]
[Date "2024.04.06"]
[Round "5.1"]
[White "Li, Hongjin"]
[Black "Wang, Yiye"]
[Result "0-1"]
[WhiteElo "1740"]
[BlackElo "2432"]
[PlyCount "60"]
[EventDate "2024.04.02"]
[EventType "team-swiss"]
[EventRounds "9"]
[EventCountry "CHN"]
[SourceTitle "CB16_2024"]
[SourceDate "2024.04.17"]
[SourceVersion "1"]
[SourceVersionDate "2024.04.17"]
[SourceQuality "1"]
[WhiteTeam "Henan"]
[BlackTeam "Heilongjiang"]
[WhiteTeamCountry "CHN"]
[BlackTeamCountry "CHN"]

1. e4 e6 2. d4 d5 3. Nc3 Bb4 4. e5 c5 5. a3 Bxc3+ 6. bxc3 Ne7 7. Nf3 b6 8. Bd3 Ba6 9. 0-0 Bxd3 10. cxd3 Nbc6 11. dxc5 bxc5 12. Bg5 Qa5 13. Bxe7 Kxe7 14. Qc1 Rhd8 15. d4 Rab8 16. Qc2 h6 17. Rfb1 Rxb1+ 18. Rxb1 Qxa3 19. Qh7 Rb8 20. Rf1 Qxc3 21. Qxg7 Qd3 22. Qxh6 Rb1 23. Qf6+ Kd7 24. Qxf7+ Ne7 25. Nd2 Rxf1+ 26. Nxf1 c4 27. Qf4 a5 28. Qc1 a4 29. h3 a3 30. Nd2 a2 0-1

[Event "CHN-chT"]
[Site "Hangzhou"]
[Date "2023.05.26"]
[Round "8.1"]
[White "Wang, Yiye"]
[Black "Fang, Yan"]
[Result "1/2-1/2"]
[WhiteElo "2441"]
[BlackElo "2441"]
[PlyCount "70"]
[EventDate "2023.05.19"]
[EventType "team-swiss"]
[EventRounds "9"]
[EventCountry "CHN"]
[SourceTitle "CBM 214 Extra"]
[Source "ChessBase"]
[SourceDate "2023.07.31"]
[SourceVersion "1"]
[SourceVersionDate "2023.07.31"]
[SourceQuality "1"]
[WhiteTeam "Heilongjiang"]
[BlackTeam "Hubei"]
[WhiteTeamCountry "CHN"]
[BlackTeamCountry "CHN"]

1. d4 d5 2. c4 e6 3. Nf3 Nf6 4. h3 dxc4 5. e3 c5 6. Bxc4 a6 7. 0-0 Nc6 8. Nc3 b5 9. Bd3 Bb7 10. a4 b4 11. Ne4 Na5 12. Nxc5 Bxc5 13. dxc5 Be4 14. Be2 Qxd1 15. Rxd1 Nb3 16. Bd2 a5 17. Nd4 Nxa1 18. Rxa1 e5 19. Nb5 0-0-0 20. Nd6+ Rxd6 21. cxd6 Rd8 22. f3 Rxd6 23. Be1 Bb7 24. e4 Nd7 25. Bc4 f6 26. Rc1 Rc6 27. b3 Nb6 28. Be6+ Kc7 29. Rxc6+ Kxc6 30. Bf2 Ba6 31. Be3 Nd7 32. Bxd7+ Kxd7 33. Bb6 Bc4 34. Bxa5 Bxb3 35. Bxb4 Bxa4 1/2-1/2

[Event "CHN-chT"]
[Site "Hangzhou"]
[Date "2023.05.25"]
[Round "7.1"]
[White "Wang, Zihang"]
[Black "Wang, Yiye"]
[Result "1-0"]
[WhiteElo "1669"]
[BlackElo "2441"]
[PlyCount "97"]
[EventDate "2023.05.19"]
[EventType "team-swiss"]
[EventRounds "9"]
[EventCountry "CHN"]
[SourceTitle "CBM 214 Extra"]
[Source "ChessBase"]
[SourceDate "2023.07.31"]
[SourceVersion "1"]
[SourceVersionDate "2023.07.31"]
[SourceQuality "1"]
[WhiteTeam "Hainan"]
[BlackTeam "Heilongjiang"]
[WhiteTeamCountry "CHN"]
[BlackTeamCountry "CHN"]

1. e4 c5 2. Nc3 Nc6 3. g3 g6 4. Bg2 Bg7 5. d3 d6 6. Be3 Nf6 7. h3 Rb8 8. Nge2 0-0 9. Qd2 b5 10. 0-0 b4 11. Nd1 Nd7 12. Bh6 Bxh6 13. Qxh6 Nd4 14. Qd2 a5 15. Ne3 Ba6 16. f4 e6 17. Kh2 f5 18. g4 fxe4 19. Bxe4 Nxe2 20. Qxe2 Qf6 21. b3 g5 22. Ng2 d5 23. Bf3 gxf4 24. g5 Qe5 25. Rae1 Qxe2 26. Rxe2 Rb6 27. Rfe1 e5 28. Bxd5+ Kh8 29. Nh4 h6 30. Rg2 Rd6 31. Be4 Rg8 32. Nf5 Rb6 33. Nxh6 Re8 34. h4 Bb7 35. Bxb7 Rxb7 36. Nf7+ Kg7 37. Nd6 Rbb8 38. Nxe8+ Rxe8 39. Kh3 Kf7 40. h5 Ke6 41. Kg4 Rg8 42. Rge2 Nf6+ 43. Kh4 Nd7 44. g6 Kf6 45. Rg2 Kg7 46. Kg5 Rh8 47. Rh2 Rh6 48. Rh3 Nf8 49. Rxe5 1-0

[Event "CHN-chT"]
[Site "Hangzhou"]
[Date "2023.05.24"]
[Round "6.1"]
[White "Wang, Yiye"]
[Black "Yuan, Qingyu"]
[Result "1-0"]
[WhiteElo "2441"]
[BlackElo "2373"]
[PlyCount "94"]
[EventDate "2023.05.19"]
[EventType "team-swiss"]
[EventRounds "9"]
[EventCountry "CHN"]
[SourceTitle "CBM 214 Extra"]
[Source "ChessBase"]
[SourceDate "2023.07.31"]
[SourceVersion "1"]
[SourceVersionDate "2023.07.31"]
[SourceQuality "1"]
[WhiteTeam "Heilongjiang"]
[BlackTeam "Ningbo"]
[WhiteTeamCountry "CHN"]
[BlackTeamCountry "CHN"]

1. Nf3 d5 2. g3 g6 3. Bg2 Bg7 4. c4 c6 5. d4 Nf6 6. 0-0 0-0 7. cxd5 cxd5 8. Ne5 Bf5 9. Nc3 Ne4 10. Bf4 Nxc3 11. bxc3 Nc6 12. Qb3 Nxe5 13. Bxe5 Bxe5 14. dxe5 Qc7 15. Qxd5 Rab8 16. Qd4 b6 17. Rfd1 Rfd8 18. Qe3 Rxd1+ 19. Rxd1 Rc8 20. Rc1 Qd7 21. Be4 Be6 22. Rc2 Qa4 23. Rd2 Bxa2 24. Bb7 Rb8 25. Rd4 Qb5 26. Bf3 Be6 27. Rh4 Rc8 28. Qh6 Qxe5 29. Qxh7+ Kf8 30. Bd5 Ke8 31. Bxe6 Qxe6 32. Rd4 f5 33. Qh8+ Kf7 34. Qh7+ Ke8 35. h4 Qf7 36. Qh8+ Qf8 37. Qh7 Qf7 38. Qh6 a5 39. h5 gxh5 40. Qxb6 Kf8 41. Qh6+ Kg8 42. Rh4 Qf6 43. Qxh5 Rc6 44. Qe8+ Kg7 45. Qh8+ Kf7 46. Rh7+ Ke6 47. Rh6 Rxc3 1-0

[Event "CHN-chT"]
[Site "Hangzhou"]
[Date "2023.05.23"]
[Round "5.1"]
[White "Xu, Yi"]
[Black "Wang, Yiye"]
[Result "1/2-1/2"]
[WhiteElo "2527"]
[BlackElo "2441"]
[PlyCount "69"]
[EventDate "2023.05.19"]
[EventType "team-swiss"]
[EventRounds "9"]
[EventCountry "CHN"]
[SourceTitle "CBM 214 Extra"]
[Source "ChessBase"]
[SourceDate "2023.07.31"]
[SourceVersion "1"]
[SourceVersionDate "2023.07.31"]
[SourceQuality "1"]
[WhiteTeam "Shanghai"]
[BlackTeam "Heilongjiang"]
[WhiteTeamCountry "CHN"]
[BlackTeamCountry "CHN"]

1. e4 e6 2. d4 d5 3. Nc3 Nf6 4. e5 Nfd7 5. f4 c5 6. Nf3 Nc6 7. Be3 cxd4 8. Nxd4 Qb6 9. Qd2 Qxb2 10. Rb1 Qa3 11. Bb5 Nxd4 12. Bxd4 a6 13. Bxd7+ Bxd7 14. Rb3 Qe7 15. Rxb7 Rc8 16. 0-0 Qd8 17. f5 exf5 18. Qe3 Rc6 19. Rfb1 Bc8 20. R7b6 Rc4 21. Rd6 Bxd6 22. exd6+ Be6 23. Bxg7 Rg8 24. Nxd5 Rxg7 25. Qe5 Rg8 26. Nf6+ Kf8 27. d7 Rxc2 28. Nxg8 Qxd7 29. Nf6 Qc6 30. Nxh7+ Kg8 31. Rb8+ Bc8 32. Nf6+ Kf8 33. Nh7+ Kg8 34. Nf6+ Kf8 35. Nh7+ 1/2-1/2

[Event "CHN-chT"]
[Site "Hangzhou"]
[Date "2023.05.21"]
[Round "3.1"]
[White "Wang, Yiye"]
[Black "Huang, Renjie"]
[Result "1/2-1/2"]
[WhiteElo "2441"]
[BlackElo "2397"]
[PlyCount "58"]
[EventDate "2023.05.19"]
[EventType "team-swiss"]
[EventRounds "9"]
[EventCountry "CHN"]
[SourceTitle "CBM 214 Extra"]
[Source "ChessBase"]
[SourceDate "2023.07.31"]
[SourceVersion "1"]
[SourceVersionDate "2023.07.31"]
[SourceQuality "1"]
[WhiteTeam "Heilongjiang"]
[BlackTeam "Shandong"]
[WhiteTeamCountry "CHN"]
[BlackTeamCountry "CHN"]

1. Nf3 Nf6 2. c4 e6 3. g3 d5 4. Bg2 dxc4 5. Qa4+ Nbd7 6. Qxc4 c5 7. 0-0 a6 8. Qc2 b5 9. a4 Bb7 10. Nc3 Bc6 11. d3 Be7 12. b3 0-0 13. Bb2 Qb6 14. axb5 axb5 15. Rxa8 Rxa8 16. Ra1 Rxa1+ 17. Bxa1 Nd5 18. Nxd5 Bxd5 19. Qa2 h6 20. Ne5 Bxg2 21. Kxg2 Qb7+ 22. Kg1 Nxe5 23. Bxe5 Qd5 24. Bc3 f6 25. Bd2 Kf7 26. Qc2 Qa8 27. Be3 Qd5 28. Bd2 Qa8 29. Be3 Qd5 1/2-1/2

[Event "CHN-chTB"]
[Site "Hefei"]
[Date "2023.04.21"]
[Round "7"]
[White "Wang, Yiye"]
[Black "Zhang, Pengxiang"]
[Result "0-1"]
[WhiteElo "2446"]
[BlackElo "2552"]
[PlyCount "82"]
[EventDate "2023.04.17"]
[EventType "team-swiss"]
[EventRounds "9"]
[EventCountry "CHN"]
[SourceTitle "EXT 2024"]
[Source "ChessBase"]
[SourceDate "2023.10.10"]
[SourceVersion "1"]
[SourceVersionDate "2023.10.10"]
[SourceQuality "1"]
[WhiteTeam "Heilongjiang"]
[BlackTeam "Chongqing Qilin"]
[WhiteTeamCountry "CHN"]
[BlackTeamCountry "CHN"]

1. Nf3 Nf6 2. g3 b5 3. e3 a6 4. Bg2 Bb7 5. 0-0 e6 6. b3 Be7 7. c4 d5 8. cxd5 Nxd5 9. Bb2 0-0 10. d4 Nd7 11. Nc3 c5 12. Nxd5 Bxd5 13. dxc5 Nxc5 14. Ne1 Ne4 15. Nd3 Bf6 16. Bxf6 Nxf6 17. Nb4 Bxg2 18. Qxd8 Rfxd8 19. Kxg2 Ne4 20. Rfd1 g5 21. Nc6 Rxd1 22. Rxd1 Kf8 23. Rd4 Nf6 24. a4 Rc8 25. axb5 axb5 26. Na7 Rc5 27. b4 Rc2 28. Nxb5 e5 29. Rd8+ Ke7 30. Rd1 Ng4 31. Kg1 Nxf2 32. Rb1 Ne4 33. Na7 Nd2 34. Rd1 Nf3+ 35. Kf1 Nxh2+ 36. Ke1 Nf3+ 37. Kf1 h5 38. b5 h4 39. gxh4 g4 40. Nc6+ Ke6 41. Nb4 Rh2 0-1

[Event "CHN-chT"]
[Site "Liaocheng"]
[Date "2021.10.25"]
[Round "6.1"]
[White "Ma, Ling"]
[Black "Wang, Yiye"]
[Result "1/2-1/2"]
[WhiteElo "2177"]
[BlackElo "2448"]
[PlyCount "99"]
[EventDate "2021.10.20"]
[EventType "team-swiss"]
[EventRounds "9"]
[EventCountry "CHN"]
[SourceTitle "CBM 204 Extra"]
[Source "ChessBase"]
[SourceDate "2021.11.30"]
[SourceVersion "1"]
[SourceVersionDate "2021.11.30"]
[SourceQuality "1"]
[WhiteTeam "Wuxi"]
[BlackTeam "Heilongjiang"]
[WhiteTeamCountry "CHN"]
[BlackTeamCountry "CHN"]

1. d4 Nf6 2. c4 e6 3. Nc3 Bb4 4. f3 c5 5. d5 b5 6. e4 bxc4 7. Bxc4 Bb7 8. Bg5 h6 9. Bh4 0-0 10. Nge2 exd5 11. exd5 Bxc3+ 12. bxc3 d6 13. Rb1 Bc8 14. 0-0 Nbd7 15. Bb5 Ne5 16. Bc6 Nxc6 17. dxc6 Ba6 18. Re1 Re8 19. c7 Qxc7 20. Bxf6 Bxe2 21. Rxe2 Rxe2 22. Qxe2 gxf6 23. Qe4 Rb8 24. Rd1 Rb2 25. Qg4+ Kf8 26. Qf4 Qe7 27. Qxd6 Rxa2 28. Qf4 Rxg2+ 29. Kxg2 Qe2+ 30. Kg3 Qxd1 31. Qxh6+ Ke7 32. Qe3+ Kd6 33. Qf4+ Kc6 34. Qxf6+ Qd6+ 35. Qxd6+ Kxd6 36. Kf4 a5 37. Ke4 a4 38. Kd3 Ke5 39. c4 Kf4 40. h4 Kf5 41. Kc3 Kg6 42. Kb2 Kh5 43. Ka3 Kxh4 44. Kxa4 Kg3 45. Kb5 Kxf3 46. Kxc5 Ke4 47. Kd6 f5 48. c5 f4 49. c6 f3 50. c7 1/2-1/2

[Event "CHN-chT"]
[Site "Liaocheng"]
[Date "2021.10.22"]
[Round "3.1"]
[White "Wang, Yiye"]
[Black "Xu, Yinglun"]
[Result "1/2-1/2"]
[WhiteElo "2448"]
[BlackElo "2555"]
[PlyCount "64"]
[EventDate "2021.10.20"]
[EventType "team-swiss"]
[EventRounds "9"]
[EventCountry "CHN"]
[SourceTitle "CBM 204 Extra"]
[Source "ChessBase"]
[SourceDate "2021.11.30"]
[SourceVersion "1"]
[SourceVersionDate "2021.11.30"]
[SourceQuality "1"]
[WhiteTeam "Heilongjiang"]
[BlackTeam "Guangdong"]
[WhiteTeamCountry "CHN"]
[BlackTeamCountry "CHN"]

1. Nf3 d5 2. g3 c6 3. Bg2 Bg4 4. 0-0 Nf6 5. h3 Bxf3 6. exf3 e6 7. f4 Bd6 8. d4 0-0 9. c3 Qc7 10. Be3 c5 11. dxc5 Bxc5 12. Re1 Bxe3 13. Rxe3 Nc6 14. Nd2 Rfd8 15. Rd3 Nd7 16. Nb3 a5 17. Nd4 g6 18. Rd2 Nb6 19. Bf1 Nxd4 20. Rxd4 Nc4 21. Qc2 Nd6 22. Bd3 Nc8 23. Rd1 Ne7 24. Bf1 Rac8 25. Qa4 Qb6 26. Qb3 Qc7 27. c4 Nc6 28. R4d2 dxc4 29. Rxd8+ Rxd8 30. Rxd8+ Nxd8 31. Bxc4 Nc6 32. Qe3 Ne7 1/2-1/2

[Event "CHN-chT"]
[Site "China"]
[Date "2019.12.07"]
[Round "22.3"]
[White "Liu, Guanchu"]
[Black "Wang, Yiye"]
[Result "0-1"]
[WhiteElo "2432"]
[BlackElo "2444"]
[PlyCount "204"]
[EventDate "2019.04.09"]
[EventType "team-tourn"]
[EventRounds "22"]
[EventCountry "CHN"]
[SourceTitle "CBM 195 Extra"]
[Source "ChessBase"]
[SourceDate "2020.05.31"]
[SourceVersion "1"]
[SourceVersionDate "2020.05.31"]
[SourceQuality "1"]
[WhiteTeam "Chengdu Beilei Youth"]
[BlackTeam "Beijing Beiao"]
[WhiteTeamCountry "CHN"]
[BlackTeamCountry "CHN"]

1. e4 e6 2. d4 d5 3. Nd2 c5 4. exd5 Qxd5 5. dxc5 Bxc5 6. Ngf3 Nf6 7. Bc4 Qc6 8. Qe2 Nbd7 9. 0-0 0-0 10. Nb3 b6 11. Nfd4 Bxd4 12. Nxd4 Qc5 13. Nb3 Qc7 14. Bg5 Bb7 15. Rad1 Rac8 16. Bb5 Bd5 17. Nd4 h6 18. Bc1 Nc5 19. Rfe1 Qb7 20. Qf1 a6 21. Be2 b5 22. c4 bxc4 23. Bxc4 Rfd8 24. h3 Bxc4 25. Qxc4 Qd5 26. Qxd5 Rxd5 27. b4 Na4 28. Nb3 Rc2 29. a3 Nc3 30. Rd2 Rdxd2 31. Bxd2 Nfd5 32. Bxc3 Rxc3 33. Rb1 Nb6 34. g3 g5 35. Kg2 Kg7 36. b5 axb5 37. Nd4 Rxa3 38. Rxb5 Nd5 39. h4 Ra4 40. Nf3 Kf6 41. hxg5+ hxg5 42. Rb2 Nc3 43. Rc2 Ne4 44. Nd2 Nd6 45. Rc6 Nf5 46. Rc2 Rd4 47. Nf3 Rd1 48. Rd2 Ra1 49. Nd4 Ne7 50. Nb5 Nd5 51. Rd3 Kg6 52. Nd6 Ra2 53. Nc4 Kg7 54. Ne3 Nf6 55. Rd4 Rb2 56. Rc4 Rd2 57. Rc2 Rxc2 58. Nxc2 g4 59. Ne3 Kg6 60. Nc4 Nd7 61. Kf1 f5 62. Ke2 Kf6 63. Nd6 Ke5 64. Nc4+ Kd4 65. Nd6 Nb6 66. Nb5+ Ke5 67. Nc7 Na4 68. Nb5 Ke4 69. Nc7 e5 70. Nb5 Kd5 71. Ke3 Nb6 72. Ke2 Nc4 73. Nc7+ Kc6 74. Na6 Nd6 75. Nb4+ Kc5 76. Nd3+ Kd4 77. Nb4 Nc4 78. Na6 f4 79. gxf4 exf4 80. Nc7 Ke4 81. Ne6 f3+ 82. Ke1 Ke5 83. Nc5 Kd4 84. Ne6+ Kd3 85. Nc5+ Kd4 86. Ne6+ Kd5 87. Nf4+ Ke5 88. Nd3+ Kd4 89. Nf4 Ne5 90. Kd2 Ke4 91. Ne6 g3 92. fxg3 Nc4+ 93. Kd1 Ke3 94. Nf4 f2 95. Ng2+ Kf3 96. Nh4+ Kxg3 97. Nf5+ Kf3 98. Nh4+ Kg3 99. Nf5+ Kg2 100. Nh4+ Kf1 101. Nf3 Ne3+ 102. Kd2 Kg2 0-1

[Event "CHN-chT"]
[Site "China"]
[Date "2019.12.05"]
[Round "20.3"]
[White "Xu, Yinglun"]
[Black "Wang, Yiye"]
[Result "1-0"]
[WhiteElo "2555"]
[BlackElo "2444"]
[PlyCount "77"]
[EventDate "2019.04.09"]
[EventType "team-tourn"]
[EventRounds "22"]
[EventCountry "CHN"]
[SourceTitle "CBM 195 Extra"]
[Source "ChessBase"]
[SourceDate "2020.05.31"]
[SourceVersion "1"]
[SourceVersionDate "2020.05.31"]
[SourceQuality "1"]
[WhiteTeam "Shenzhen Longgang"]
[BlackTeam "Beijing Beiao"]
[WhiteTeamCountry "CHN"]
[BlackTeamCountry "CHN"]

1. d4 Nf6 2. c4 e6 3. Nf3 b6 4. g3 Bb7 5. Bg2 g6 6. 0-0 Bg7 7. Qc2 0-0 8. Nc3 d5 9. cxd5 exd5 10. Bf4 Na6 11. Rfd1 Re8 12. Be5 Bh6 13. Bxf6 Qxf6 14. Ne5 Qe6 15. Qa4 c6 16. e4 Nc7 17. Re1 Bd2 18. exd5 cxd5 19. Red1 Bh6 20. Qb3 Bg7 21. f4 Qd6 22. Rac1 Rad8 23. a4 Ba8 24. Nb5 Nxb5 25. axb5 Rc8 26. h4 Bb7 27. Qa4 Rc7 28. Rc3 Rec8 29. Rdc1 Rxc3 30. Rxc3 Rxc3 31. bxc3 Bxe5 32. fxe5 Qb8 33. Qa2 Qa8 34. Kh2 Kg7 35. Qa3 Qb8 36. Qe7 Kg8 37. e6 fxe6 38. Bh3 h5 39. Bxe6+ 1-0

[Event "Belt and Road Hunan op-A"]
[Site "Changsha"]
[Date "2019.08.05"]
[Round "8"]
[White "Liu, Guanchu"]
[Black "Wang, Yiye"]
[Result "1/2-1/2"]
[WhiteElo "2449"]
[BlackElo "2440"]
[PlyCount "40"]
[EventDate "2019.07.29"]
[EventType "swiss"]
[EventRounds "9"]
[EventCountry "CHN"]
[SourceTitle "CBM 191 Extra"]
[Source "ChessBase"]
[SourceDate "2019.09.30"]
[SourceVersion "1"]
[SourceVersionDate "2019.09.30"]
[SourceQuality "1"]

1. e4 e6 2. d4 d5 3. Nd2 dxe4 4. Nxe4 Bd7 5. Nf3 Bc6 6. Bd3 Nd7 7. c3 Ngf6 8. Nxf6+ Nxf6 9. Bf4 Bd6 10. Ne5 Bxe5 11. Bxe5 h5 12. Qe2 Ng4 13. f3 Nxe5 14. Qxe5 Qh4+ 15. g3 Qf6 16. Qxf6 gxf6 17. Be4 Bxe4 18. fxe4 Ke7 19. 0-0 Rag8 20. Rae1 h4 1/2-1/2

[Event "CHN-chT"]
[Site "China"]
[Date "2019.05.07"]
[Round "5.23"]
[White "Wang, Yiye"]
[Black "Dai, Changren"]
[Result "1/2-1/2"]
[WhiteElo "2439"]
[BlackElo "2472"]
[PlyCount "99"]
[EventDate "2019.04.09"]
[EventType "team-tourn"]
[EventRounds "22"]
[EventCountry "CHN"]
[SourceTitle "CBM 190 Extra"]
[Source "ChessBase"]
[SourceDate "2019.07.15"]
[SourceVersion "1"]
[SourceVersionDate "2019.07.15"]
[SourceQuality "1"]
[WhiteTeam "Beijing Beiao"]
[BlackTeam "Tianjin"]
[WhiteTeamCountry "CHN"]
[BlackTeamCountry "CHN"]

1. Nf3 Nf6 2. c4 g6 3. d4 Bg7 4. g3 0-0 5. Bg2 d6 6. 0-0 Nc6 7. Nc3 e5 8. dxe5 dxe5 9. Bg5 Be6 10. Nd2 h6 11. Bxf6 Bxf6 12. Nde4 Be7 13. Qxd8 Rfxd8 14. Nd5 Bxd5 15. cxd5 Nb4 16. Nc3 c6 17. dxc6 Nxc6 18. Rfd1 Rxd1+ 19. Rxd1 Rd8 20. Bxc6 bxc6 21. Kf1 Rxd1+ 22. Nxd1 f5 23. e4 Kf7 24. Ke2 Ke6 25. f3 Bc5 26. Ne3 Bd4 27. b3 h5 28. Nc4 fxe4 29. fxe4 Bg1 30. h3 Bd4 31. Nd2 Bc5 32. Kd3 Bf2 33. g4 hxg4 34. hxg4 Kf6 35. Nf3 Bb6 36. Kc4 Be3 37. b4 a6 38. a4 Bf2 39. Kd3 Bb6 40. Ke2 Bc7 41. Kd2 Bb6 42. Kc3 Bf2 43. Kc4 Be3 44. Kc3 Bf2 45. Kd3 Bb6 46. Kc4 Be3 47. a5 Bf2 48. Kc3 Be3 49. Kd3 Ba7 50. Kc4 1/2-1/2

[Event "CHN-chT"]
[Site "China"]
[Date "2019.04.09"]
[Round "1.6"]
[White "Lan, Zilun"]
[Black "Wang, Yiye"]
[Result "1/2-1/2"]
[WhiteElo "2333"]
[BlackElo "2439"]
[PlyCount "59"]
[EventDate "2019.04.09"]
[EventType "team-tourn"]
[EventRounds "22"]
[EventCountry "CHN"]
[SourceTitle "CBM 189 Extra"]
[Source "ChessBase"]
[SourceDate "2019.06.03"]
[SourceVersion "1"]
[SourceVersionDate "2019.06.03"]
[SourceQuality "1"]
[WhiteTeam "Zhejiang"]
[BlackTeam "Beijing Beiao"]
[WhiteTeamCountry "CHN"]
[BlackTeamCountry "CHN"]

1. d4 Nf6 2. c4 e6 3. Nc3 Bb4 4. Qc2 0-0 5. a3 Bxc3+ 6. Qxc3 b5 7. cxb5 c6 8. Bg5 cxb5 9. e3 Bb7 10. Nf3 h6 11. Bxf6 Qxf6 12. Be2 Rc8 13. Qd3 a6 14. 0-0 d6 15. Rfc1 Nc6 16. Qd2 Qd8 17. Rc3 Ne7 18. Rxc8 Rxc8 19. a4 bxa4 20. Rxa4 Qb6 21. h3 Nd5 22. Bd3 Qb3 23. Ra3 Qb6 24. Ra4 Qb3 25. Ra3 Qb6 26. Ra4 Qb3 27. Ra3 Qb6 28. Ra4 Qb3 29. Ra3 Qb6 30. Ra4 1/2-1/2

[Event "Nova Gorica op 24th"]
[Site "Nova Gorica"]
[Date "2019.01.31"]
[Round "9"]
[White "Wang, Yiye"]
[Black "Tratar, Marko"]
[Result "1/2-1/2"]
[WhiteElo "2443"]
[BlackElo "2448"]
[PlyCount "20"]
[EventDate "2019.01.25"]
[EventType "swiss"]
[EventRounds "9"]
[EventCountry "SLO"]
[SourceTitle "CBM 188 Extra"]
[Source "ChessBase"]
[SourceDate "2019.02.26"]
[SourceVersion "1"]
[SourceVersionDate "2019.02.26"]
[SourceQuality "1"]

1. d4 Nf6 2. c4 e6 3. Nf3 b6 4. g3 Bb7 5. Bg2 Be7 6. 0-0 0-0 7. Nc3 Ne4 8. Nxe4 Bxe4 9. Bf4 d6 10. Ne1 Bxg2 1/2-1/2

[Event "Nova Gorica op 24th"]
[Site "Nova Gorica"]
[Date "2019.01.28"]
[Round "6"]
[White "Wang, Yiye"]
[Black "Favaloro, Andrea"]
[Result "1/2-1/2"]
[WhiteElo "2443"]
[BlackElo "2316"]
[PlyCount "41"]
[EventDate "2019.01.25"]
[EventType "swiss"]
[EventRounds "9"]
[EventCountry "SLO"]
[SourceTitle "CBM 188 Extra"]
[Source "ChessBase"]
[SourceDate "2019.02.26"]
[SourceVersion "1"]
[SourceVersionDate "2019.02.26"]
[SourceQuality "1"]

1. c4 e6 2. Nf3 d5 3. d4 Nf6 4. Nc3 a6 5. cxd5 exd5 6. Bg5 Be6 7. e3 Nbd7 8. Bd3 Bd6 9. Qc2 c6 10. Bf4 Qc7 11. Bxd6 Qxd6 12. 0-0 0-0 13. h3 g6 14. Rac1 Nh5 15. Na4 Ng7 16. b4 Bf5 17. Nc5 Bxd3 18. Qxd3 Rfb8 19. a4 Nb6 20. Nd2 Nf5 21. Ra1 1/2-1/2

[Event "Nova Gorica op 24th"]
[Site "Nova Gorica"]
[Date "2019.01.26"]
[Round "3"]
[White "Zlatanovic, Srdjan"]
[Black "Wang, Yiye"]
[Result "0-1"]
[WhiteElo "1638"]
[BlackElo "2443"]
[PlyCount "54"]
[EventDate "2019.01.25"]
[EventType "swiss"]
[EventRounds "9"]
[EventCountry "SLO"]
[SourceTitle "CBM 188 Extra"]
[Source "ChessBase"]
[SourceDate "2019.02.26"]
[SourceVersion "1"]
[SourceVersionDate "2019.02.26"]
[SourceQuality "1"]

1. e4 g6 2. d4 Bg7 3. f4 d6 4. Nf3 c5 5. Bc4 cxd4 6. Nxd4 Nf6 7. Nc3 0-0 8. Qd3 Nbd7 9. Nb3 Nb6 10. Nd2 Qc7 11. Bb3 Nfd7 12. Ne2 Nc5 13. Qf3 Nxb3 14. Qxb3 Bd7 15. Qd3 f5 16. c3 e5 17. fxe5 dxe5 18. h4 Rad8 19. Qg3 Bb5 20. h5 Rd3 21. Qg5 h6 22. Qh4 g5 23. Qh2 Re3 24. c4 Nxc4 25. Nxc4 Rxe2+ 26. Kxe2 Qxc4+ 27. Kf2 Qe2+ 0-1

[Event "Prague op-A 18th"]
[Site "Prague"]
[Date "2019.01.13"]
[Round "4"]
[White "Wang, Yiye"]
[Black "Barrish, Daniel"]
[Result "1-0"]
[WhiteElo "2443"]
[BlackElo "2166"]
[PlyCount "135"]
[EventDate "2019.01.11"]
[EventType "swiss"]
[EventRounds "9"]
[EventCountry "CZE"]
[SourceTitle "CBM 188 Extra"]
[Source "ChessBase"]
[SourceDate "2019.02.26"]
[SourceVersion "1"]
[SourceVersionDate "2019.02.26"]
[SourceQuality "1"]

1. c4 e5 2. g3 c6 3. Nf3 e4 4. Nd4 d5 5. d3 Bc5 6. Nb3 Bb4+ 7. Bd2 Bxd2+ 8. Qxd2 dxc4 9. dxc4 Nf6 10. Bg2 0-0 11. h3 Na6 12. Nc3 Qe7 13. g4 h6 14. Qe3 Qb4 15. 0-0-0 Qxc4 16. Rd4 Qe6 17. Rhd1 Nd5 18. Nxd5 cxd5 19. Rxd5 Nb4 20. R5d2 Nxa2+ 21. Kb1 Nb4 22. Rd6 Qe8 23. Nc5 b6 24. Qxe4 Qb5 25. Nd3 Nxd3 26. Qxd3 Qxd3+ 27. R1xd3 Rb8 28. Bd5 Bb7 29. Rd7 Bxd5 30. R3xd5 Rfe8 31. e3 a5 32. Rf5 f6 33. Rfd5 Re5 34. Rxe5 fxe5 35. Kc2 Rf8 36. Rd2 Rf3 37. Kd3 Rxh3 38. Ke4 h5 39. g5 Kf7 40. Kf5 Rf3+ 41. Kxe5 Kg6 42. Ke4 Rf7 43. f4 h4 44. Rd6+ Kh5 45. Kf3 b5 46. Ra6 h3 47. Rxa5 h2 48. Kg2 Rc7 49. Kxh2 Kg4 50. Rxb5 Rc2+ 51. Kg1 Kg3 52. Kf1 Kf3 53. Ke1 Kxe3 54. Kd1 Rg2 55. Rb4 Kd3 56. Rb3+ Ke4 57. Rb4+ Kd3 58. Ke1 g6 59. Kf1 Rc2 60. f5 gxf5 61. g6 Rc6 62. Rb3+ Ke4 63. Rg3 Rc1+ 64. Ke2 Rc8 65. g7 Rg8 66. b4 Kd5 67. Kf3 Kc4 68. Kf4 1-0

[Event "CHN-chT"]
[Site "China"]
[Date "2018.11.29"]
[Round "21.4"]
[White "Vallejo Pons, Francisco"]
[Black "Wang, Yiye"]
[Result "1-0"]
[WhiteElo "2694"]
[BlackElo "2437"]
[PlyCount "97"]
[EventDate "2018.04.11"]
[EventType "team-tourn"]
[EventRounds "22"]
[EventCountry "CHN"]
[SourceTitle "CBM 187 Extra"]
[Source "ChessBase"]
[SourceDate "2018.11.04"]
[SourceVersion "1"]
[SourceVersionDate "2018.11.04"]
[SourceQuality "1"]
[WhiteTeam "Chendu Beilei Youth"]
[BlackTeam "Beijing Beiao"]
[WhiteTeamCountry "CHN"]
[BlackTeamCountry "CHN"]

1. e4 e6 2. d4 d5 3. Nc3 Nf6 4. e5 Nfd7 5. f4 c5 6. Nf3 Nc6 7. Be3 Qb6 8. Na4 Qa5+ 9. c3 b6 10. Bd2 c4 11. b4 Qa6 12. a3 Be7 13. g3 f5 14. h3 b5 15. Nc5 Nxc5 16. bxc5 Bd7 17. g4 0-0-0 18. gxf5 exf5 19. a4 bxa4 20. Rxa4 Qb5 21. Ra2 Kc7 22. Bg2 Be6 23. 0-0 Rb8 24. Qe2 a5 25. Rfa1 Rhd8 26. Ne1 Rd7 27. Nc2 g6 28. Ne3 Bd8 29. Bf3 Kc8 30. Be1 h6 31. Kh1 Qa6 32. Ra3 Qb5 33. Bg3 Ne7 34. Ng2 Qb2 35. Qe1 Rb3 36. Rxb3 Qxb3 37. Bh4 g5 38. fxg5 Ng6 39. gxh6 Nxh4 40. Nxh4 Bxh4 41. Qxh4 Qxc3 42. Rf1 Qd3 43. Bg2 f4 44. Rf3 Qb1+ 45. Kh2 Rf7 46. Rxf4 Rxf4 47. Qxf4 Qf5 48. Qxf5 Bxf5 49. Bxd5 1-0